00979nam a22002057a 4500003000800000008004100008037000800049040003500057041000800092080001100100100002500111245012100136260014500257300002100402500013800423650004300561655001400604700003100618710012400649BI-BuBU131025s2009 bd ||||dr|||| 000 0 fre d bdon aBI-BuBUbfrecBI-BuBUdBI-BuBU0 afre a801.541 4autaAbdallah,Hassan13aLa fonction sémantique des morphemes finals rundicpar Hassan Abdallah; sous la dir. du prof. Hilaire Ntahomvukiye aBujumburabUniversité du Burundi, faculté des lettres et sciences humaines, département des langues et littératures africainesc2009 aIV-49 f.c29 cm. aMémoire présenté et défendu publiquement en vue de l'obtention du grade de licencié en langues et littératures Africaines 72BI-BuBUaSémantique.Morphéme.Rundi vMémoire1 4drtaNtahomvukiye,Hillaire aUniversité BurundibFaculté des lettres et sciences humaines, département des langues et littérature africaines